00313cam a2200145ua 4500001000400000008003900004040000900043041001200052082001200064100001500076245002300091260001600114300001700130653002000147128120728n II |||gr||||Z||||||eng aMAIN aEnglish a823 RIB aRIBU, E.V. aDANTE THE NEW LIFE a[s.l]:bXXX a000.:c20CM. aEnglish fiction